Statistics for Roman Numerals

Click here to take the quiz!

General Stats

  • This quiz has been taken 127 times
  • The average score is 12 of 15

Answer Stats

Hint Answer % Correct
10X
100%
50L
96%
1000M
93%
65LXV
88%
100C
88%
500D
87%
19XIX
86%
1060MLX
84%
3III
80%
256CCLVI
78%
540DXL
76%
750DCCL
66%
407CDVII
63%
1150MCL
59%
555DLV
58%

Score Distribution

Percentile by Number Answered

Percent of People with Each Score

Your Score History

You have not taken this quiz